Globalization : (Record no. 17044)
[ view plain ]
| 000 -LEADER | |
|---|---|
| fixed length control field | 00862cam a2200265 a 4500 |
| 001 - CONTROL NUMBER | |
| control field | 16487740 |
| 005 - DATE AND TIME OF LATEST TRANSACTION | |
| control field | 20201128020935.0 |
| 008 - FIXED-LENGTH DATA ELEMENTS--GENERAL INFORMATION | |
| fixed length control field | 101004s2011 xxk frbd 001 0 eng d |
| 020 ## - INTERNATIONAL STANDARD BOOK NUMBER | |
| International Standard Book Number | 0470655615 (pbk. : alk. paper) |
| 020 ## - INTERNATIONAL STANDARD BOOK NUMBER | |
| International Standard Book Number | 9780470655610 (pbk. : alk. paper) |
| 040 ## - CATALOGING SOURCE | |
| Original cataloging agency | EG-ScBUE |
| 082 00 - DEWEY DECIMAL CLASSIFICATION NUMBER | |
| Classification number | 303.482 |
| Edition number | 22 |
| Item number | RIT |
| 100 1# - MAIN ENTRY--PERSONAL NAME | |
| Personal name | Ritzer, George |
| 9 (RLIN) | 27457 |
| 245 10 - TITLE STATEMENT | |
| Title | Globalization : |
| Remainder of title | the essentials / |
| Statement of responsibility, etc | George Ritzer. |
| 260 ## - PUBLICATION, DISTRIBUTION, ETC. (IMPRINT) | |
| Place of publication, distribution, etc | Chichester, United Kingdom ; |
| -- | Malden, United States : |
| Name of publisher, distributor, etc | Wiley-Blackwell, |
| Date of publication, distribution, etc | 2011. |
| 300 ## - PHYSICAL DESCRIPTION | |
| Extent | xi, 356 p. ; |
| Dimensions | 25 cm. |
| 500 ## - GENERAL NOTE | |
| General note | Glossary : p. 317-321. |
| 500 ## - GENERAL NOTE | |
| General note | Index : p. 322-356. |
| 504 ## - BIBLIOGRAPHY, ETC. NOTE | |
| Bibliography, etc | Includes bibliographical references. |
| 650 #0 - SUBJECT ADDED ENTRY--TOPICAL TERM | |
| Topical term or geographic name as entry element | Globalization |
| 9 (RLIN) | 2820 |
| Source of heading or term | BUEsh |
| 651 ## - SUBJECT ADDED ENTRY--GEOGRAPHIC NAME | |
| Source of heading or term | BUEsh |
| 653 ## - INDEX TERM--UNCONTROLLED | |
| Resource For college | BAEPS, Economics |
| Arrived date list | October2012 |
| -- | November2014 |
| 655 ## - INDEX TERM--GENRE/FORM | |
| Form subdivision | Text book |
| -- | 33728 |
| 942 ## - ADDED ENTRY ELEMENTS (KOHA) | |
| Source of classification or shelving scheme | Dewey Decimal Classification |
| Item type | Book - Borrowing |
| Call number prefix | 303.482 RIT |
| Withdrawn status | Item status | Source of classification or shelving scheme | Damaged status | Not for loan | Vendor | Home library | Current library | Shelving location | Date acquired | Source of acquisition | Cost, normal purchase price | Serial Enumeration / chronology | Total Checkouts | Full call number | Barcode | Date last seen | Date last borrowed | Koha item type | Total Renewals | Cost, replacement price |
|---|---|---|---|---|---|---|---|---|---|---|---|---|---|---|---|---|---|---|---|---|
| Dewey Decimal Classification | Baccah | Central Library | Central Library | First floor | 01/10/2012 | 160.00 | 3 | 5 | 303.482 RIT | 000027516 | 15/07/2025 | 05/01/2014 | NB - Book (Non borrowing) | |||||||
| Dewey Decimal Classification | Baccah | Central Library | Central Library | First floor | 01/10/2012 | 160.00 | 3 | 23 | 303.482 RIT | 000027517 | 15/07/2025 | 16/12/2019 | Book - Borrowing | 96 | ||||||
| Dewey Decimal Classification | Baccah | Central Library | Central Library | First floor | 01/10/2012 | 160.00 | 3 | 14 | 303.482 RIT | 000027518 | 15/07/2025 | 18/11/2019 | Book - Borrowing | 45 | ||||||
| Dewey Decimal Classification | Baccah | Central Library | Central Library | First floor | 01/10/2012 | 160.00 | 3 | 8 | 303.482 RIT | 000027519 | 15/07/2025 | 04/03/2021 | Book - Borrowing | 51 | ||||||
| Dewey Decimal Classification | Baccah | Central Library | Central Library | First floor | 01/10/2012 | 160.00 | 3 | 18 | 303.482 RIT | 000027520 | 15/07/2025 | 17/12/2019 | Book - Borrowing | 36 | ||||||
| Dewey Decimal Classification | Baccah | Central Library | Central Library | First floor | 04/11/2014 | 200.00 | 18 | 303.482 RIT | 000036944 | 15/07/2025 | 29/11/2021 | Book - Borrowing | 102 | 250.00 |